Hochhäuser - Dubai / VAE (extrem) - Statistiken

Allgemein
  • Dieses Quiz wurde 29 mal gespielt
  • Das Durchschnittsergebnis liegt bei 2 aus 15
Antwortstatistiken
Hint Antwort % Korrekt
1 Burj Khalifa (823m)
100%
3 Princess Tower (414m)
40%
11.1 11.2 11.3 JW Marriott Marquis Dubai Tower 1 (355m) JW Marriott Marquis Dubai Tower 2 (355m) Emirates Office Tower (355m)
10%
2 Marina 101 (425m)
10%
18 Rose Rayhaan by Rotana (333m)
10%
14 The Torch (352m)
10%
4 23 Marine (393m)
0%
8 Almas Tower (360m)
0%
7 Ciel Tower (366m)
0%
17 DAMAC Residenze (335m)
0%
5 Elite Residence (381m)
0%
9.1 9.2 Gevora Hotel (356m)
Il Primo (356m)
0%
16 SLS Dubai Hotel & Residences (336m)
0%
6 The Adress the BLVD (370m)
0%
15 Uptown Tower (340m)
0%
Keine übereinstimmenden Quizze gefunden
Verteilung der Resultate
Anzahl Personen mit jedem Resultat
Perzentil nach korrekt beantworteten Fragen
Ihre Resultats-Entwicklung
Sie haben dieses Quiz noch nicht gespielt